| 000 | 00554cam a22002291 4500 | ||
|---|---|---|---|
| 001 | sa 68001546 | ||
| 003 | DLC | ||
| 005 | 20260227112434.0 | ||
| 008 | 940808s1967 ii 000 1 benr | ||
| 010 | _asa 68001546 | ||
| 025 | _aPL480:I-B-3074 | ||
| 035 | _a(OCoLC)30902540 | ||
| 040 |
_aDLC _cCU _dCU _dDLC |
||
| 042 | _apremarc | ||
| 050 | 0 | 0 |
_aPK1718.C423 _bJ6 |
| 100 | 1 |
_aChatterjee, Hari Narayan, _d1916- |
|
| 245 | 1 | 0 | _aJonākira dīpa. |
| 260 | _c[1967] | ||
| 300 |
_a174 p. _c23 cm. |
||
| 500 | _aIn Bengali. | ||
| 500 | _aShort stories. | ||
| 999 |
_c78031 _d78031 |
||